|
|
|
|
| LEADER |
02501nam a2200301 a 4500 |
| 001 |
2615 |
| 003 |
BD-DhAAL |
| 005 |
20150710173932.0 |
| 008 |
150710s1999 enk b 000 0 eng |
| 015 |
|
|
|a GBA0-05964
|
| 020 |
|
|
|a 0855984198
|
| 040 |
|
|
|a UKM
|c UKM
|d VPI
|d VVC
|d C#P
|d MYG
|d OrLoB-B
|d BD-DhAAL
|
| 082 |
0 |
4 |
|a 338.90082
|2 21
|
| 245 |
0 |
0 |
|a Development with women :
|b selected essays from Development in practice /
|c introduced by Dorienne Rowan-Campbell.
|
| 260 |
|
|
|a Oxford :
|b Oxfam,
|c 1999.
|
| 300 |
|
|
|a 208 p. ;
|c 22 cm.
|
| 490 |
1 |
|
|a Development in practice reader
|
| 504 |
|
|
|a Includes bibliographical references (p. 190-203).
|
| 505 |
0 |
0 |
|t Preface /
|r Deborah Eade --
|t Development with women /
|r Dorienne Rowan-Campbell --
|t Targeting women or transforming institutions? Policy lessons from NGO anti-poverty efforts /
|r Naila Kabeer --
|t Women in the informal sector: the contribution of education and training /
|r Fiona Leach --
|t The evaporation of gender policies in the patriarchal cooking pot /
|r Sarah Hlupelike Longwe --
|t Participatory development: an approach sensitive to class and gender /
|r Dan Connell --
|t Sanctioned violence: development and the persecution of women as witches in South Bihar /
|r Puja Roy --
|t Men's violence against women in rural Bangladesh: undermined or exacerbated by microcredit programmes? /
|r Sidney Ruth Schuler, Syed M. Hashemi and Shamsul Huda Badal --
|t Domestic violence, deportation, and women's resistance /
|r Purna Sen --
|t Women entrepreneurs in the Bangladeshi restaurant business /
|r Mahmuda Rahman Khan --
|t Empowerment examined /
|r Jo Rowlands --
|t The Zimbabwe Women's Resource Centre and Network /
|r Hope Chigudu --
|t Dealing with hidden issues: trafficked women in Nepal /
|r Meena Poudel and Anita Shrestha --
|t Power, institutions and gender relations: can gender training alter the equations? /
|r Ranjani K. Murthy --
|t Soup kitchens, women and social policy: case studies /
|r Luiba Kogan --
|t Organizations concerned with women in development.
|
| 541 |
|
|
|e 2615
|
| 650 |
|
0 |
|a Women in development.
|9 13006
|
| 650 |
|
0 |
|a Women
|z Developing countries
|x Social conditions.
|9 6997
|
| 650 |
|
0 |
|a Women
|z Developing countries
|x Economic conditions.
|9 6998
|
| 730 |
0 |
|
|a Development in practice (Washington, D.C.)
|9 13007
|
| 830 |
|
0 |
|a Development in practice reader.
|9 13008
|
| 942 |
|
|
|2 ddc
|c BK
|
| 999 |
|
|
|c 35011
|d 35011
|
| 952 |
|
|
|0 0
|1 0
|2 ddc
|4 0
|6 338_900820000000000_DEV
|7 0
|9 54893
|a SCL
|b SCL
|c GEN
|d 2015-07-10
|g 750.00
|l 0
|o 338.90082 DEV
|p 3020002615
|r 2015-07-10
|t 1
|w 2015-07-10
|y BK
|